00438nam a22001457a 450000500170000000800410001702000160005808200200007410000170009424500790011126000440019030000090023450000320024365000170027520260408123844.0260408b |||||||| |||| 00| 0 eng d a042-00037-7 a352.0944bLAR-T aLarcombe.A.F aThe Advancement of Local Government in New South Wales 1906 to the Present aSydney bSydney University Press c1987 a486P aGifted by Dr.Salman Hassan  aGeneral book